• 首页
  • 本馆介绍
  • 公告通知
  • 最新文献
  • 馆藏检索
  • 电子资源
  • 读者导购
  • 参考咨询
  • 我的图书馆
  • 登录
  • 详细信息显示
  • 放入我的书架
  • 预约/预借图书
  • 作者相关作品
  • 分类相关作品
  • 丛书相关作品
  • 出版社相关作品

书目信息

  • 表格格式
  • 工作单格式
  • 卡片格式
题名:
卢森堡
    
 
作者: 程人乾 著
分册:  
出版信息: 北京   商务印书馆  1972
页数: 64页
开本: 19cm
丛书名:
单 册:
中图分类: K519
科图分类:
主题词: 历史
电子资源:
ISBN: 11017.298
000 00676nam0 2200265 450
001 0172001795
005 20100713031339.0
010    @a11017.298@dCNY0.14
091    @a11017.298@d¥0.14
100    @a19960403d1972 em y0chiy0110 ea
101 0  @achi
102    @aCN@b110000
105    @aa z 000yy
106    @ar
200 1  @a卢森堡@9Lu Sen Bao;Bu;Pu @f程人乾著
210    @a北京@c商务印书馆@d1972
215    @a64页@c图@d19cm
300    @a历史知识读物
606 0  @a历史
607    @a卢森堡@x历史
607    @2CT@3S049073@a卢森堡
690    @aK519@v3
701  0 @a程人乾@9cheng ren qian@4著
801  0 @aCN@b91MARC@c20130904
905    @aBZT@dK519@e1@f1@sK519/1
    
    卢森堡/程人乾著.-北京:商务印书馆,1972
    64页:图;19cm
    历史知识读物
    
    ISBN 11017.298:CNY0.14
    
●
相关链接 在五车中查询图书 在当当中查询图书 在豆瓣中查询图书


正题名:卢森堡     索取号:K519/1         预约/预借

序号 登录号 条形码 馆藏地/架位号 状态 备注
1 2000095156   2000095156   旧书回溯/ [索取号:K519/1] 在馆    
山东省滨州职业学院图书馆 欢迎您!
大连网信软件有限公司© 版权所有